Hospodářská situace v zemědělství ČR a SR.

Proces zásadných reformných zmien v poľnohospodárstve v ČR a SR a v krajinách východnej a strednej Európy. Priebeh ekonomickej reformy a rozdielnosť v názoroch odborníkov. Stručná charakteristika vývoja českej a slov. ekonomiky. Ekonomická situácia v poľnohospodárskych podnikoch ČR a SR v r. 1991 a...

Celý popis

Uložené v:
Podrobná bibliografia
Hlavný autor: Vaníček, František
Ďalší autori: Šlaisová, J., Dubovická, Š.
Médium: Kapitola
Jazyk:Czech
Predmet:
Tagy: Pridať tag
Žiadne tagy, Buďte prvý, kto otaguje tento záznam!

MARC

LEADER 00000naa a2200000 4500
001 r012847
005 20221205080841.9
041 0 |a cze 
044 |a CZ 
245 1 0 |a Hospodářská situace v zemědělství ČR a SR.  |c F. Vaníček, J. Šlaisová, Š. Dubovická 
520 |a Proces zásadných reformných zmien v poľnohospodárstve v ČR a SR a v krajinách východnej a strednej Európy. Priebeh ekonomickej reformy a rozdielnosť v názoroch odborníkov. Stručná charakteristika vývoja českej a slov. ekonomiky. Ekonomická situácia v poľnohospodárskych podnikoch ČR a SR v r. 1991 a ich triedenie podľa dôchodkovosti. Hodnotenie ekonomickej situácie poľnohospodárskych podnikov v ČR. Stručná charakteristika ďalšieho vývoja. 
610 2 0 |a poľnohospodárstvo 
610 2 0 |a Čechy 
610 2 0 |a Slovensko 
610 2 0 |a východná Európa 
610 2 0 |a stredná Európa 
610 2 0 |a reformy hospodárske 
610 2 0 |a situácia hospodárska 
610 2 0 |a podnik poľnohospodársky 
610 2 0 |a 1991 
100 1 |a Vaníček, František 
700 1 |a Šlaisová, J. 
700 1 |a Dubovická, Š.